000 00871nam a22001817a 4500
003 OSt
005 20251224153557.0
008 251224b |||||||| |||| 00| 0 eng d
040 _cDCL
082 _a၂၉၄.၃
100 0 _aလယ်တီဆရာတော်ဘုရားကြီး။
245 1 _aလယ်တီဒီပနီပေါင်းချုပ်၊
_nစတုတ္ထတွဲ /
_cလယ်တီဆရာတော်ဘုရားကြီး။
260 _aရန်ကုန်မြို့ ၊
_bလယ်တီဒီပနီထွန်းကားပြန့်ပွားရေး၊
_c၁၉၉၉။
300 _a၇၆၂ စာမျက်နှာ ၊
_c၂၅ စင်တီ။
650 _aဗုဒ္ဓဘာသာ
650 _aသစ္စာလေးပါး
942 _2ddc
_cSHORT TERM
_n0
999 _c2801
_d2801